000
00205 a2200097 4500
001
41362
100
_a
Seik, O
245
_a
Science & education
260
_a
Japan
_b
Male adross
_c
090
_c
25542
_d
25542
942
_a
NUST-CAE
_c
M
_c
17272
999
_c
276435
_d
276435